000 00353nam a22001217a 4500
040 _cHS
082 _a570
100 _aដិប ស៊ីណាត
245 _aការការពារសម្បត្តិធម្មជាតិ protection de la nature
260 _aRUA
_bដិប ស៊ីណាត
_c1997
300 _a88p;
942 _cAEDBB
999 _c9067
_d9067